=LDR 00000nam 2200000 4500 =001 INLIS000000000057454 =005 20210125095512 =035 ##$$a 0010-0121000044 =007 ta =008 210125################g##########0#ind## =020 ##$$a 979-433-145-7 =082 ##$$a 2x4.13 =084 ##$$a 2x4.13 MER =245 ##$$a Meraih kemuliaan Ramahdan =250 ##$$a cet.1 =260 ##$$a Bandung :$b Mizan,$c 1997 =300 ##$$a 347 hlm ; $c 22 x 14 cm =700 #$$a Editor, Laleh Bakhtiar =520 ##$$a Indeks: hal. 347 =600 #4$$a Puasa Ramadhan =990 ##$$a 1199701630